000 00405nam a22001337a 4500
020 _qHB.
040 _cFIZZA ISHAQ
082 _a658
_bJIM
100 _aCollins, Jim.
_920655
245 _aGood To Great : Why Some Companies Make The Leap and Others Don't /
_c Jim. Collins.
260 _aNew York:
_bHarper-Collins Publishers,
_c2001.
300 _a300 P. ;
_c 6.34 x 1.18 x 9.45 inches
942 _2ddc
_cBK
999 _c616797
_d616797